Ratchet and Clank games quiz - Statistics

General Stats
  • This quiz has been taken 46 times
  • The average score is 10 of 14
Answer Stats
Hint Answer % Correct
2002 Ratchet and Clank
100%
2003 Ratchet and Clank 2
92%
2004 Ratchet and Clank 3
92%
2005 Ratchet Gladiator
85%
2007 Ratchet and Clank Size Matters
77%
2007 Ratchet and Clank Tools of Destruction
77%
2009 Ratchet and Clank A Crack in Time
74%
2013 Ratchet and Clank Nexus
72%
2008 Ratchet and Clank Quest for Booty
72%
2011 Ratchet and Clank All 4 one
67%
2008 Secret Agent Clank
67%
2012 Ratchet and Clank Q Force
56%
2016 Ratchet and Clank Remake
46%
2012 Ratchet and Clank Trilogy
8%
No matching quizzes found
Score Distribution
Percent of People with Each Score
Percentile by Number Answered
Your Score History
You have not taken this quiz